The guest who just won't leave (Record no. 81572)
[ view plain ]
| 000 -LEADER | |
|---|---|
| fixed length control field | 01081cab a22002055a 4500 |
| 001 - CONTROL NUMBER | |
| control field | L147575 |
| 008 - FIXED-LENGTH DATA ELEMENTS--GENERAL INFORMATION | |
| fixed length control field | 090526s2009 xxk f 000 0 eng d |
| 035 ## - SYSTEM CONTROL NUMBER | |
| System control number | (Sirsi) u147575 |
| 041 0# - LANGUAGE CODE | |
| Language code of text/sound track or separate title | eng |
| 100 1# - MAIN ENTRY--PERSONAL NAME | |
| Personal name | Webber, Richard |
| 245 04 - TITLE STATEMENT | |
| Title | The guest who just won't leave |
| Remainder of title | the tenant who stays behind after the lease is over |
| 260 ## - PUBLICATION, DISTRIBUTION, ETC. | |
| Date of publication, distribution, etc. | 2009 |
| 490 #0 - SERIES STATEMENT | |
| Series statement | Lovells Real Estate Quarterly |
| Volume/sequential designation | Spring 2009, 7-8(2) |
| 520 ## - SUMMARY, ETC. | |
| Summary, etc. | Discusses the legal consequences of having a tenant who stays in occupation after the end of the lease. Looks at the different scenarios for tenants protected under the Landlord and Tenant Act 1954 Part II, and where the tenants are not so protected. Notes what happens when the departed tenant has left his goods on the premises. Warns landlords that undocumented occupation often leads to unwanted rights. |
| 590 ## - LOCAL NOTE (RLIN) | |
| Local note | KA |
| 650 24 - SUBJECT ADDED ENTRY--TOPICAL TERM | |
| Topical term or geographic name entry element | LANDLORD AND TENANT ACT 1954 PART II |
| 651 #4 - SUBJECT ADDED ENTRY--GEOGRAPHIC NAME | |
| Geographic name | England and Wales |
| Chronological subdivision | 1543- |
| 690 ## - LOCAL SUBJECT ADDED ENTRY--TOPICAL TERM (OCLC, RLIN) | |
| Topical term or geographic name as entry element | PROPERTY-COMMERCIAL PROPERTY-LEASEHOLD COMMERCIAL PROPERTY-COMMERCIAL LANDLORD AND TENANT-COMMERCIAL LEASES |
| 942 ## - ADDED ENTRY ELEMENTS (KOHA) | |
| Suppress in OPAC | 0 |
| Withdrawn status | Lost status | Source of classification or shelving scheme | Damaged status | Not for loan | Home library | Current library | Shelving location | Date acquired | Total Checkouts | Full call number | Barcode | Date last seen | Copy number | Price effective from | Koha item type |
|---|---|---|---|---|---|---|---|---|---|---|---|---|---|---|---|
| Dewey Decimal Classification | London | London | Journal article | 26/05/2009 | L147575 | 147575-1001 | 06/08/2019 | 1 | 06/08/2019 | Journal article |